| 000 | 00636nam a22001697a 4500 | ||
|---|---|---|---|
| 999 |
_c179946 _d179946 |
||
| 010 | _aMAL-9459 | ||
| 020 |
_a978-93.54167386- _c240.00 |
||
| 035 | _aMA-8916 | ||
| 082 |
_2.1st edition _a204.3 _bഅബ്രഹ |
||
| 100 | _a പ്രശാന്ത് ജേക്കബ് എബ്രഹാം | ||
| 245 |
_aവിപ സ്സന ധ്യാനം _cഎബ്രഹാം ജേക്കബ് പ്രശാന്ത് |
||
| 250 | _aIst edition | ||
| 260 |
_a _bpublished by author _c2020 |
||
| 270 | _bകേരള | ||
| 300 |
_a79p _c21cm |
||
| 942 |
_2ddc _cMA _e1st edition _h204.3 _kഅബ്രഹ |
||